| 000 | 00580nam a2200181 i 4500 | ||
|---|---|---|---|
| 001 | 115734 | ||
| 003 | ES-MaACL | ||
| 005 | 20251014063147.0 | ||
| 007 | t| | ||
| 008 | 070510s1925 sp ||||1| spa d | ||
| 100 | 1 |
_aRuiz Giménez, Joaquín, _d1854-1934 _9100819 |
|
| 245 | 1 | 0 |
_aPretéritos y presentes _b: (trabajos varios, de mi archivo) / _cJoaquín Ruiz Giménez. |
| 260 |
_aMadrid : _b[s.n.], _c1925 ( _fImp. de Juan Pueyo) |
||
| 300 |
_a366 p. ; _c25 cm. |
||
| 651 | 4 |
_aMadrid- _xAdministración. _98940 |
|
| 852 |
_aES-MaACL _jG-15716 |
||
| 999 |
_c115734 _d115734 |
||